Origen de los temblores de tierra

Saved in:
Bibliografiske detaljer
Hovedforfatter: Alvial, Leandro (Author)
Format: Bog
Sprog:spansk
Udgivet: Santiago Barcelona 1910
Udgivelse:1a. ed
Fag:
Tags: Tilføj Tag
Ingen Tags, Vær først til at tagge denne postø!

MARC

LEADER 00000nam a2200000 a 4500
001 UCJ5135
003 CL-VaPUC
008 070124e19100000CL |||||||||||||||||spa|d
082 0 4 |a 550  |b ALV  |2 21 
100 0 |a Alvial, Leandro  |e author  |9 509966 
245 1 0 |a Origen de los temblores de tierra 
250 |a 1a. ed 
300 |a 240 p 
942 |c BK 
945 |d 20070124 00:00:00  |a rinostro 
260 |a Santiago  |b Barcelona  |c 1910 
650 0 |a Sismología  |9 268106 
650 7 |a TEMBLORES  |2 CL-VaPUC  |9 509967 
650 0 |a Geología   |9 260984 
651 7 |a IQUIQUE  |2 CL-VaPUC  |9 357757 
583 |a last modification  |c 20070124 00:00:00  |k Rodrigo Vera 
999 |c 321248  |d 321246 
952 |0 0  |1 0  |4 0  |6 550_000000000000000_ALV_1910  |7 0  |8 X  |9 399947  |a FDOBUD  |b FDOBUD  |d 2019-11-22  |i 1030523  |o 550 ALV 1910  |p 1030523  |r 2019-11-22  |w 2019-11-22  |y BK_X  |k BUD